Languages used in Eurovision - Statistics

General Stats
  • This quiz has been taken 1,732 times
    450 since last reset
  • The average score is 40 of 67
Answer Stats
First Appearance Language % Correct
1957 English
98%
1956 French
95%
1956 German
94%
1956 Italian
93%
1961 Spanish
93%
1958 Swedish
93%
2004 Ukrainian
92%
1964 Portuguese
91%
1961 Finnish
90%
1994 Russian
90%
1961 Serbian
89%
1960 Norwegian
88%
1956 Dutch
87%
1974 Greek
87%
2004 Latvian
87%
2004 Lithuanian
86%
1957 Danish
85%
1994 Estonian
85%
1972 Irish
84%
1994 Polish
84%
1993 Croatian
83%
2009 Romani
82%
1994 Slovak
82%
1975 Turkish
81%
1966 Slovene
80%
1980 Arabic
79%
1973 Hebrew
79%
2006 Albanian
78%
2007 Bulgarian
78%
1994 Hungarian
78%
1986 Icelandic
78%
2007 Czech
77%
2007 Armenian
72%
2017 Belarusian
72%
1993 Bosnian
71%
2018 Georgian
71%
2024 Azerbaijani
70%
1994 Romanian
70%
1998 Macedonian
66%
1971 Maltese
66%
1960 Luxembourgish
61%
2004 Catalan
59%
2005 Montenegrin
56%
1989 Romansh
47%
2022 Latin
46%
2016 Crimean Tatar
45%
2018 Japanese
45%
1996 Breton
39%
1980 Sámi
35%
2011 Swahili
31%
2011 Corsican
28%
2020 Amharic
22%
1991 Neapolitan
20%
2012 Udmurt
17%
2017 Sanskrit
13%
2019 Abkhaz
12%
1995 Ancient Greek
12%
2024 Aramaic
12%
2021 Sranan Tongo
12%
2004 Võro
11%
2018 Karelian
10%
1999 Samogitian
10%
2006 Tahitian
10%
2024 Yankunytjatjara
10%
2025 Proto-Slavic
9%
1992 Antillean Creole
4%
2007 Surzhyk
4%
No matching quizzes found
Score Distribution
Percent of People with Each Score
Percentile by Number Answered
Your Score History
You have not taken this quiz since the last reset